[Event "278th YMCA Autumn A"]
[Site "Warsaw"]
[Date "2023.12.06"]
[Round "9"]
[White "Pietrzak, Wojciech"]
[Black "Kaniak, Monika"]
[Result "1-0"]
[WhiteElo "1717"]
[BlackElo "1796"]
[PlyCount "71"]
[EventDate "2023.09.22"]
[EventType "tourn"]
[EventRounds "1"]
[EventCountry "POL"]
[SourceDate "2023.09.29"]

1. e4 c6 2. d4 d5 3. f3 dxe4 4. fxe4 Nf6 5. e5 Nd5 6. c4 Nc7 7. Nc3 Bf5 8. Bd3
Bg6 9. Nf3 e6 10. Bg5 Be7 11. Bxe7 Qxe7 12. Bxg6 hxg6 13. Ne4 Qb4+ 14. Qd2 Nba6
15. Nd6+ Ke7 16. O-O-O Qxd2+ 17. Nxd2 b5 18. N2e4 Rab8 19. Rhf1 Rhf8 20. Rf3 f5
21. Nd2 Rh8 22. h3 Nb4 23. a3 Nba6 24. Rg3 Rh6 25. Nb3 Ne8 26. Na5 Kd7 27. Nf7
Rh4 28. Rxg6 Nac7 29. Nd6 Rf4 30. Ndb7 Kc8 31. Nc5 bxc4 32. Nxc6 Rb6 33. d5 Rf2
34. d6 Rxc6 35. d7+ Kd8 36. Nb7+ 1-0

[Event "278th YMCA Autumn A"]
[Site "Warsaw"]
[Date "2023.11.16"]
[Round "9"]
[White "Liberadzki, Slawomir"]
[Black "Pettersson, Alexander"]
[Result "1/2-1/2"]
[WhiteElo "1958"]
[BlackElo "1820"]
[PlyCount "122"]
[EventDate "2023.09.22"]
[EventType "tourn"]
[EventRounds "1"]
[EventCountry "POL"]
[SourceDate "2023.09.29"]

1. c4 e6 2. Nf3 d5 3. b3 Nf6 4. Bb2 Be7 5. g3 O-O 6. Bg2 c5 7. e3 Nc6 8. O-O b6
9. Nc3 Bb7 10. cxd5 Nxd5 11. Nxd5 Qxd5 12. d4 Rad8 13. Ne5 Qd6 14. Qf3 Na5 15.
Qg4 Bxg2 16. dxc5 Qxc5 17. Nc6 f6 18. Nxe7+ Qxe7 19. Kxg2 Nb7 $11 20. a4 Nc5
21. Ba3 Rd5 22. b4 Nxa4 23. b5 Nc5 24. Bxc5 Rxc5 25. Qa4 Rf7 26. Rfd1 g6 27.
Rd3 Qb7+ 28. Kg1 Rfc7 29. Rad1 Rc1 30. Qd4 Rxd1+ 31. Rxd1 Kf7 32. Qd8 Kg7 33.
h4 Rf7 34. Qe8 Re7 35. Qd8 Qc7 36. Qa8 Rd7 37. Rxd7+ Qxd7 38. Qc6 Qe7 39. Kg2
Kf7 40. g4 Qe8 41. Qc7+ Kg8 42. Qc6 Kf8 43. Qd6+ Kf7 44. Qc7+ Qe7 45. Qc8 Qe8
46. Qc7+ Qe7 47. Qc8 Kg7 48. Qc6 h6 49. Kg3 h5 50. f4 hxg4 51. Kxg4 Kh6 52. Qc8
Kg7 53. Qc6 f5+ 54. Kg3 Kh6 55. Qc3 Kh7 56. Qe5 Qd7 57. Qf6 Qe8 58. Qe5 Qe7 59.
Qb8 Qd7 60. Qf8 Qg7 61. Qe8 Qa1 $11 1/2-1/2

[Event "278th YMCA Autumn A"]
[Site "Warsaw"]
[Date "2023.11.21"]
[Round "9"]
[White "Mazurek, Jerzy"]
[Black "Kania, Tomasz"]
[Result "1/2-1/2"]
[WhiteElo "1746"]
[BlackElo "1703"]
[PlyCount "74"]
[EventDate "2023.09.22"]
[EventType "tourn"]
[EventRounds "1"]
[EventCountry "POL"]
[SourceDate "2023.09.29"]

1. e4 c6 2. d4 d5 3. Nd2 dxe4 4. Nxe4 Bf5 5. Ng3 Bg6 6. h4 h6 7. Nf3 e6 8. Ne5
Bh7 9. Bd3 Bxd3 10. Qxd3 Nd7 11. f4 Be7 12. h5 Ngf6 13. Bd2 Qc7 14. O-O-O O-O
15. Ne4 Nxe4 16. Qxe4 Nf6 17. Qe2 c5 18. dxc5 Qxc5 19. Kb1 Rfd8 $11 20. g4 Nd7
21. Nf3 Rac8 22. Be3 Qc4 23. Qg2 Bf6 24. Bc1 Nc5 25. Rxd8+ Rxd8 26. g5 hxg5 27.
fxg5 Be7 28. h6 Qe4 29. hxg7 Qg6 30. Qh3 Qxg7 31. b3 Ne4 32. Bb2 Nc3+ 33. Bxc3
Qxc3 34. Qh7+ Kf8 35. g6 fxg6 36. Qh6+ Qg7 37. Qf4+ Kg8 $11 1/2-1/2

[Event "278th YMCA Autumn A"]
[Site "Warsaw"]
[Date "2023.11.14"]
[Round "9"]
[White "Adamski, Adam"]
[Black "Polak, Michal"]
[Result "0-1"]
[WhiteElo "1761"]
[BlackElo "1947"]
[PlyCount "70"]
[EventDate "2023.09.22"]
[EventType "tourn"]
[EventRounds "1"]
[EventCountry "POL"]
[SourceDate "2023.09.29"]

1. e4 e5 2. Nf3 Nc6 3. d4 exd4 4. Nxd4 Nf6 5. Nxc6 bxc6 6. e5 Qe7 7. Qe2 Nd5 8.
h4 d6 9. c4 Nb6 10. exd6 cxd6 11. Bf4 Be6 12. Nd2 Qf6 13. Qe4 Rc8 14. Rb1 Na4
15. Bg5 Qe5 16. Qxe5 dxe5 17. Bd3 f6 18. Be3 Bc5 19. Bxc5 Nxc5 20. Bc2 a5 21.
b3 O-O 22. Ne4 Nxe4 23. Bxe4 c5 24. Ke2 Rfd8 25. Rhd1 Rd4 26. Rxd4 exd4 27. Kd3
f5 28. Bd5 Kf7 29. Re1 Re8 30. Rxe6 $11 Rxe6 31. a3 a4 32. b4 cxb4 33. axb4 a3
34. c5 Ke7 35. Kxd4 Re2 0-1

[Event "278th YMCA Autumn A"]
[Site "Warsaw"]
[Date "2023.11.24"]
[Round "10"]
[White "Kania, Tomasz"]
[Black "Adamski, Adam"]
[Result "1/2-1/2"]
[WhiteElo "1703"]
[BlackElo "1761"]
[PlyCount "41"]
[EventDate "2023.09.22"]
[EventType "tourn"]
[EventRounds "1"]
[EventCountry "POL"]
[SourceDate "2023.09.29"]

1. e4 c5 2. Nf3 d6 3. d4 cxd4 4. Nxd4 Nf6 5. Nc3 a6 6. h3 e5 7. Nde2 h5 8. Bg5
Be7 9. Ng3 g6 10. Bc4 Be6 11. Bxe6 fxe6 12. O-O Nbd7 13. Nge2 Qb6 14. Kh1 O-O-O
15. a4 Ng8 $11 16. Be3 Qc6 17. b4 Ngf6 18. b5 Qc4 19. bxa6 Qxa6 20. Rb1 Nc5 21.
f3 $11 1/2-1/2

[Event "278th YMCA Autumn A"]
[Site "Warsaw"]
[Date "2023.12.14"]
[Round "10"]
[White "Pettersson, Alexander"]
[Black "Mazurek, Jerzy"]
[Result "1-0"]
[WhiteElo "1820"]
[BlackElo "1746"]
[PlyCount "83"]
[EventDate "2023.09.22"]
[EventType "tourn"]
[EventRounds "1"]
[EventCountry "POL"]
[SourceDate "2023.09.29"]

1. d4 Nf6 2. Nf3 g6 3. Nc3 d5 4. Bf4 Bg7 5. e3 O-O 6. Be2 c6 7. h4 Qb6 8. Na4
Qa5+ 9. c3 Bg4 10. b4 Qd8 11. Nc5 b6 12. Nd3 Ne4 13. Qb3 f6 14. Nd2 Bxe2 15.
Kxe2 Nxd2 16. Kxd2 Nd7 17. b5 cxb5 18. Qxd5+ Rf7 19. Qxb5 e5 20. Bg3 exd4 21.
cxd4 Nf8 22. h5 a6 23. Qb3 gxh5 24. Rac1 Rc8 25. Rxc8 Qxc8 26. Rxh5 Qb7 27. Qd5
Qe7 28. Rh1 Kh8 29. Rc1 Qe8 30. Qc6 Rd7 31. Qxb6 Qf7 32. Qb3 Qg6 33. Nf4 Qg4
34. Qd1 Qf5 35. Ke1 Rb7 36. Kf1 Rb2 37. Qa4 Bh6 38. Qxa6 Rb1 39. Rxb1 Qxb1+ 40.
Ke2 Qc2+ 41. Kf3 f5 42. Qd3 1-0

[Event "278th YMCA Autumn A"]
[Site "Warsaw"]
[Date "2023.11.23"]
[Round "10"]
[White "Kaniak, Monika"]
[Black "Liberadzki, Slawomir"]
[Result "0-1"]
[WhiteElo "1796"]
[BlackElo "1958"]
[PlyCount "120"]
[EventDate "2023.09.22"]
[EventType "tourn"]
[EventRounds "1"]
[EventCountry "POL"]
[SourceDate "2023.09.29"]

1. d4 d5 2. c4 e6 3. Nc3 Nf6 4. Nf3 Be7 5. Bg5 h6 6. Bh4 O-O 7. e3 b6 8. cxd5
exd5 9. Bd3 Bb7 10. O-O Ne4 11. Bxe7 Qxe7 12. Rc1 Nd7 13. Bb1 Rfd8 14. Qc2 Rac8
15. Nb5 c6 16. Nxa7 Rc7 17. Nb5 Rcc8 18. Nc3 c5 19. Rfd1 g6 20. Qb3 c4 21. Qc2
f5 22. Nd2 Qg5 23. Rf1 Nxd2 24. Qxd2 Bc6 25. Rce1 b5 26. Ne2 Qe7 27. f3 Nf6 28.
Ng3 Re8 29. Bxf5 gxf5 30. Nxf5 Qf8 31. e4 Kh7 32. e5 Ng8 33. Qc2 Kh8 34. Nd6
Qf4 35. Qf2 Ra8 36. Nxe8 Bxe8 37. a3 Bg6 38. g3 Qf8 39. Qd2 Bd3 40. Rf2 Kh7 41.
g4 Qg7 42. h3 Ne7 43. Re3 Qg6 44. Kh2 Rg8 45. Rg2 Nc6 46. Qc3 Qg5 47. Rxd3 Qf4+
48. Kh1 cxd3 49. Qxd3+ Kh8 50. Rd2 Rf8 51. Kg2 h5 52. e6 h4 53. Rf2 Nxd4 54. e7
Re8 55. Rd2 Qg3+ 56. Kf1 Nxf3 57. Qc3+ d4 58. Qd3 Qg1+ 59. Ke2 Rxe7+ 60. Kxf3
Qg3# 0-1

[Event "278th YMCA Autumn A"]
[Site "Warsaw"]
[Date "2023.11.23"]
[Round "10"]
[White "Kasperkiewicz, Pawel"]
[Black "Pietrzak, Wojciech"]
[Result "0-1"]
[WhiteElo "1784"]
[BlackElo "1717"]
[PlyCount "88"]
[EventDate "2023.09.22"]
[EventType "tourn"]
[EventRounds "1"]
[EventCountry "POL"]
[SourceDate "2023.09.29"]

1. e4 e5 2. Nf3 Nc6 3. Bb5 a6 4. Ba4 Nf6 5. O-O b5 6. Bb3 Be7 7. d3 O-O 8. a4
Bb7 9. Re1 d6 10. c3 Na5 11. Ba2 c5 12. Nbd2 Qc7 13. Nf1 Rad8 14. axb5 axb5 15.
Bg5 h6 16. Bxf6 Bxf6 17. Ne3 c4 18. dxc4 bxc4 19. Nd5 Bxd5 20. Qxd5 Rb8 21. Bb1
Nb3 22. Ra4 Rfc8 23. Ba2 Nc5 24. Rxc4 Rxb2 25. Rb4 Rxa2 26. Qxa2 Nd3 27. Rd1
Nxb4 28. cxb4 Qb7 29. Nd2 Qxb4 30. Rb1 Qd4 31. g3 Bg5 32. Rb7 d5 33. Nf1 Qxe4
34. h4 Bf6 35. Rd7 Qc4 36. Qa7 d4 37. Qb7 Rf8 38. Kg2 Qc8 39. Qd5 Qa8 40. Rb7
Rb8 41. Rxb8+ Qxb8 42. Nd2 Qd8 43. Qxd8+ Bxd8 44. Kf3 f5 0-1

[Event "278th YMCA Autumn A"]
[Site "Warsaw"]
[Date "2023.11.24"]
[Round "10"]
[White "Makowski, Tomasz"]
[Black "Choroszej, Aleksander"]
[Result "1/2-1/2"]
[WhiteElo "1775"]
[BlackElo "1878"]
[PlyCount "53"]
[EventDate "2023.09.22"]
[EventType "tourn"]
[EventRounds "1"]
[EventCountry "POL"]
[SourceDate "2023.09.29"]

1. d4 g6 2. c4 Bg7 3. Nc3 d6 4. e4 Nf6 5. Be2 O-O 6. Bg5 h6 7. Be3 e5 8. dxe5
dxe5 9. Qxd8 Rxd8 10. Nd5 Nxd5 11. cxd5 c6 12. Bc4 cxd5 13. Bxd5 Nc6 14. O-O-O
Nd4 15. Bxd4 exd4 16. Ne2 Be6 17. Nf4 Bxd5 18. Nxd5 f5 19. f3 fxe4 20. fxe4 Be5
21. Kd2 Rf8 22. Rdf1 Rxf1 23. Rxf1 Bxh2 24. Rh1 Be5 25. Rxh6 Kg7 26. Rh3 Rf8
27. Ke2 $11 1/2-1/2

[Event "278th YMCA Autumn A"]
[Site "Warsaw"]
[Date "2023.09.29"]
[Round "10"]
[White "Basiaga, Sebastian"]
[Black "Sternik, Piotr"]
[Result "0-1"]
[WhiteElo "1856"]
[BlackElo "1829"]
[PlyCount "79"]
[EventDate "2023.09.22"]
[EventType "tourn"]
[EventRounds "1"]
[EventCountry "POL"]
[SourceDate "2023.09.29"]

1. e4 c6 2. d4 d5 3. exd5 cxd5 4. Bd3 Nc6 5. c3 Nf6 6. Bf4 g6 7. Nf3 Bf5 8. Be2
Bg7 9. Nbd2 a6 10. a4 O-O 11. h3 Be4 12. O-O h6 13. Bh2 g5 14. Nxe4 Nxe4 15.
Bd3 f5 16. Qe2 Qd7 17. Kh1 Rae8 18. Ne5 Nxe5 19. dxe5 e6 20. Bc2 Qc7 21. f3 Nc5
22. Rfe1 Nd7 23. Rad1 Rc8 24. f4 Nc5 25. fxg5 hxg5 26. Qh5 Qe7 27. Rf1 Ne4 28.
Qe2 Qc5 29. Rd4 Qc7 30. Bxe4 fxe4 31. Rf6 Bxf6 32. exf6 Qh7 33. Rb4 Rxf6 34.
Be5 Rf5 35. Bd6 Rd8 36. Rb6 Rd7 37. c4 Rdf7 38. c5 e5 39. b4 Rf1+ 40. Kh2 0-1

[Event "278th YMCA Autumn A"]
[Site "Warsaw"]
[Date "2023.12.01"]
[Round "11"]
[White "Choroszej, Aleksander"]
[Black "Basiaga, Sebastian"]
[Result "1-0"]
[WhiteElo "1878"]
[BlackElo "1856"]
[PlyCount "93"]
[EventDate "2023.09.22"]
[EventType "tourn"]
[EventRounds "1"]
[EventCountry "POL"]
[SourceDate "2023.09.29"]

1. d4 d5 2. c4 c6 3. Nc3 Nf6 4. Nf3 e6 5. e3 Nbd7 6. Qc2 Bd6 7. Bd3 O-O 8. O-O
Re8 9. e4 dxc4 10. Bxc4 e5 11. Be3 Qe7 12. Rae1 h6 13. h3 Nb6 14. Bb3 exd4 15.
Bxd4 Bc7 16. e5 Nfd5 17. Nxd5 Nxd5 18. Bxd5 cxd5 19. Rc1 Bb8 20. Rfe1 Be6 21.
Qb3 a6 22. Bc5 Qd7 23. Nd4 Bc7 24. f4 b5 25. Rf1 Qd8 26. Qf3 Bc8 27. b4 g6 28.
Rcd1 Bb7 29. f5 Bxe5 30. fxg6 f6 31. Nf5 Qd7 32. Nxh6+ Kg7 33. Nf5+ Kg8 34. Qh5
Rad8 35. g7 Bc8 36. Qg6 Qxf5 37. Rxf5 Bxf5 38. Qxf5 Kxg7 39. Bd4 Rd6 40. Qg4+
Kf7 41. Rc1 Bxd4+ 42. Qxd4 Re4 43. Rc7+ Kg6 44. Qd3 Kf5 45. Re7 Rde6 46. Qxd5+
R4e5 47. Qd3+ 1-0

[Event "278th YMCA Autumn A"]
[Site "Warsaw"]
[Date "2023.12.01"]
[Round "11"]
[White "Pietrzak, Wojciech"]
[Black "Makowski, Tomasz"]
[Result "1-0"]
[WhiteElo "1717"]
[BlackElo "1775"]
[PlyCount "39"]
[EventDate "2023.09.22"]
[EventType "tourn"]
[EventRounds "1"]
[EventCountry "POL"]
[SourceDate "2023.09.29"]

1. e4 e6 2. d4 d5 3. Nc3 Nf6 4. e5 Nfd7 5. Nf3 c5 6. Bg5 Qb6 7. dxc5 Nxc5 8.
Be2 a6 9. O-O Nc6 10. Re1 Qxb2 11. Qd2 Qb6 12. Rab1 Qc7 13. Nd4 Nxd4 14. Qxd4
Be7 15. Bb5+ Kf8 16. Bxe7+ Qxe7 17. Bf1 Bd7 18. f4 g6 19. Nxd5 exd5 20. e6 1-0

[Event "278th YMCA Autumn A"]
[Site "Warsaw"]
[Date "2023.12.05"]
[Round "11"]
[White "Liberadzki, Slawomir"]
[Black "Kasperkiewicz, Pawel"]
[Result "1-0"]
[WhiteElo "1958"]
[BlackElo "1784"]
[PlyCount "101"]
[EventDate "2023.09.22"]
[EventType "tourn"]
[EventRounds "1"]
[EventCountry "POL"]
[SourceDate "2023.09.29"]

1. c4 e5 2. Nc3 Nc6 3. g3 g6 4. Bg2 Bg7 5. Nf3 Nge7 6. O-O O-O 7. Rb1 a5 8. a3
d5 9. cxd5 Nxd5 10. Nxe5 Nxc3 11. Nxc6 Nxe2+ 12. Qxe2 bxc6 13. d3 Re8 14. Qc2
Bf5 15. Be4 Bh3 16. Rd1 Bd4 17. Be3 Rb8 18. Bxd4 Qxd4 19. Qxc6 a4 20. Qc3 c5
21. Rdc1 Rec8 22. Qc4 Be6 23. Qxd4 cxd4 24. Rxc8+ Rxc8 25. Kg2 Rc2 26. Kf3 Ba2
27. Re1 Rxb2 28. Re2 Rxe2 29. Kxe2 Bb3 30. Bc6 Kf8 31. Kf3 Ke7 32. Ke4 Kd6 33.
Be8 Kc5 34. g4 f6 35. h4 Be6 36. Bxa4 Bxg4 37. Bc2 Bf5+ 38. Kf4 Bc8 39. Bb3 h6
40. Bc4 Bd7 41. Bf7 g5+ 42. hxg5 hxg5+ 43. Ke4 Bb5 44. Bb3 Bd7 45. Bc2 Kd6 46.
Kxd4 f5 47. Bd1 Bc6 48. a4 f4 49. a5 Bb7 50. Bg4 Ba6 51. Ke4 1-0

[Event "278th YMCA Autumn A"]
[Site "Warsaw"]
[Date "2023.12.01"]
[Round "11"]
[White "Mazurek, Jerzy"]
[Black "Kaniak, Monika"]
[Result "0-1"]
[WhiteElo "1746"]
[BlackElo "1796"]
[PlyCount "96"]
[EventDate "2023.09.22"]
[EventType "tourn"]
[EventRounds "1"]
[EventCountry "POL"]
[SourceDate "2023.09.29"]

1. e4 c6 2. d4 d5 3. Nc3 dxe4 4. Nxe4 Nf6 5. Nxf6+ exf6 6. c3 Bd6 7. Bd3 O-O 8.
Qc2 g6 9. Bh6 Re8+ 10. Ne2 Be6 11. h4 Nd7 12. h5 f5 13. hxg6 fxg6 14. g4 Bd5
15. O-O-O Bxh1 16. Rxh1 Bf8 17. Bxf8 Nxf8 18. gxf5 Qd5 19. Rg1 Qxa2 20. fxg6
Qa1+ 21. Qb1 Qxb1+ 22. Kxb1 hxg6 23. Nf4 Re7 24. Nxg6 Nxg6 25. Rxg6+ Rg7 26.
Rf6 Rg1+ 27. Ka2 Kg7 28. Rd6 Rf8 29. Rd7+ Rf7 30. Rxf7+ Kxf7 31. Be4 Rc1 32.
Kb3 Ke6 33. Kc4 Rd1 34. f3 Kd6 35. Kb4 b6 36. f4 Rf1 37. f5 Rf4 38. Bb1 c5+ 39.
Kc4 a6 40. b4 b5+ 41. Kb3 cxd4 42. cxd4 Rxd4 43. Kc3 Rc4+ 44. Kb3 Ke5 45. Bd3
Rf4 46. Kc3 Rf3 47. Kd2 Kd4 48. Bc2 Rf2+ 0-1

[Event "278th YMCA Autumn A"]
[Site "Warsaw"]
[Date "2023.12.01"]
[Round "11"]
[White "Polak, Michal"]
[Black "Kania, Tomasz"]
[Result "1-0"]
[WhiteElo "1947"]
[BlackElo "1703"]
[PlyCount "169"]
[EventDate "2023.09.22"]
[EventType "tourn"]
[EventRounds "1"]
[EventCountry "POL"]
[SourceDate "2023.09.29"]

1. d4 Nf6 2. Nf3 e6 3. g3 c5 4. Bg2 cxd4 5. O-O d5 6. Nxd4 e5 7. Nb3 Be6 8. f4
Qb6+ 9. Kh1 e4 10. Nc3 g6 11. Nd4 Nc6 12. Be3 Ng4 13. Bg1 e3 14. f5 Qxd4 15.
fxe6 fxe6 16. Qxd4 Nxd4 17. Rf4 Nxc2 18. Rc1 Nf2+ 19. Bxf2 g5 20. Rf3 exf2 21.
Rxc2 Rc8 22. Rd2 Bc5 23. Bh3 Ke7 24. e3 Rhf8 25. Rdxf2 Rxf3 26. Rxf3 h5 27. g4
h4 28. a3 a5 29. Bf1 Bd6 30. Rf2 Be5 31. Bd3 b6 32. Rc2 Rf8 33. Na4 Rf3 34. Re2
h3 35. Kg1 d4 36. Nxb6 dxe3 37. Nc4 Bd4 38. Nxa5 Kd6 39. Nc4+ Kd5 40. b3 Ba7
41. Bg6 Kd4 42. Nd6 Ke5 43. Nb5 Bb6 44. Nc3 Rf4 45. b4 Rxg4+ 46. Kf1 Rc4 47.
Nd1 Kf4 48. Bd3 Rc1 49. Re1 Ra1 50. Bc4 Rxa3 51. Bxe6 g4 52. Ke2 Ra7 53. Rg1
Rg7 54. Nc3 Bd4 55. Nb5 Be5 56. Na3 Rg6 57. Bd7 Bd6 58. Nc2 Rg7 59. Be6 Rg6 60.
Bd5 g3 61. Rxg3 Rxg3 62. hxg3+ Kxg3 63. b5 Kh2 64. Be6 Kg3 65. Nxe3 Bc5 66. Bd5
Kh2 67. Nf1+ Kg1 68. Ng3 Bd6 69. Nh1 Kh2 70. Kd3 Bc5 71. Kc4 Bb6 72. Be4 Kg1
73. Kd5 Kf1 74. Kc6 Bd4 75. b6 Ke2 76. b7 Be5 77. Kd7 Ke3 78. Bc6 Kd4 79. Kc8
Kc5 80. Bf3 Kd4 81. Nf2 h2 82. Ng4 Bf4 83. Nf6 Kc5 84. Nd5 Bd6 85. Nc7 1-0

[Event "278th YMCA Autumn A"]
[Site "Warsaw"]
[Date "2023.12.12"]
[Round "12"]
[White "Pettersson, Alexander"]
[Black "Polak, Michal"]
[Result "0-1"]
[WhiteElo "1820"]
[BlackElo "1947"]
[PlyCount "44"]
[EventDate "2023.09.22"]
[EventType "tourn"]
[EventRounds "1"]
[EventCountry "POL"]
[SourceDate "2023.09.29"]

1. d4 Nf6 2. c4 e6 3. Nf3 b6 4. a3 Bb7 5. Nc3 d5 6. cxd5 Nxd5 7. Bd2 Nd7 8. Qc2
c5 9. e4 cxd4 10. Nxd4 Nxc3 11. Bxc3 Be7 12. Bb5 a6 13. Bc6 Qc7 14. Bxb7 Qxb7
15. O-O O-O 16. Rad1 Rac8 17. Rfe1 b5 18. Qe2 Bxa3 19. Nxe6 fxe6 20. Qg4 Rf7
21. Re3 Bc5 22. Rf3 Nf8 0-1

[Event "278th YMCA Autumn A"]
[Site "Warsaw"]
[Date "2023.12.12"]
[Round "12"]
[White "Kaniak, Monika"]
[Black "Adamski, Adam"]
[Result "0-1"]
[WhiteElo "1796"]
[BlackElo "1761"]
[PlyCount "148"]
[EventDate "2023.09.22"]
[EventType "tourn"]
[EventRounds "1"]
[EventCountry "POL"]
[SourceDate "2023.09.29"]

1. d4 d6 2. c4 e5 3. d5 f5 4. Nc3 Be7 5. e4 Nf6 6. Bd3 O-O 7. Nf3 fxe4 8. Nxe4
Nxe4 9. Bxe4 Bf5 10. Qc2 Bxe4 11. Qxe4 Nd7 12. Be3 a5 13. O-O Rf7 14. Qg4 Nf8
15. Rac1 b6 16. h4 Qd7 17. Qe4 Qf5 18. Qxf5 Rxf5 19. Ng5 Bxg5 20. Bxg5 Ng6 21.
g3 h6 22. Be3 Raf8 23. b3 Ne7 24. a3 Ra8 25. Rfd1 Rff8 26. Rc3 Nf5 27. Bc1 Nd4
28. Kf1 Rf3 29. Rxf3 Nxf3 30. Be3 Nh2+ 31. Ke2 Ng4 32. Bc1 Kf7 33. f3 Nf6 34.
Be3 Ke7 35. Kd3 Kd7 36. Rg1 Re8 37. g4 e4+ 38. fxe4 Nxe4 39. g5 hxg5 40. Bxg5
Nxg5 41. Rxg5 Re7 42. Kd4 Ke8 43. b4 axb4 44. axb4 Kf7 45. c5 bxc5+ 46. bxc5
dxc5+ $11 47. Kxc5 Re1 48. Kc6 Rc1+ 49. Kd7 g6 50. Re5 Rc5 51. Rg5 Kf6 52. Kd8
Rc4 53. Rg1 Rd4 54. Kxc7 Rxd5 55. Kc6 Rd4 56. Rh1 Kg7 57. Kc5 Rd2 58. h5 g5 59.
Kc4 Kh6 60. Kc3 Rd6 61. Kc4 Rd7 62. Kc5 g4 63. Kc4 g3 64. Kc3 Rd8 65. Kc2 Kg5
66. h6 Kf4 67. Rf1+ Ke3 68. h7 Rh8 69. Rf7 Ke2 70. Re7+ Kf2 71. Rf7+ Kg2 72.
Kd2 Kh2 73. Ke2 g2 74. Rf2 Kh1 0-1

[Event "278th YMCA Autumn A"]
[Site "Warsaw"]
[Date "2023.12.07"]
[Round "12"]
[White "Kasperkiewicz, Pawel"]
[Black "Mazurek, Jerzy"]
[Result "0-1"]
[WhiteElo "1784"]
[BlackElo "1746"]
[PlyCount "68"]
[EventDate "2023.09.22"]
[EventType "tourn"]
[EventRounds "1"]
[EventCountry "POL"]
[SourceDate "2023.09.29"]

1. f4 c5 2. Nf3 g6 3. e4 Bg7 4. Nc3 Nc6 5. Bb5 Nd4 6. Nxd4 cxd4 7. Ne2 a6 8.
Bc4 b5 9. Bb3 Bb7 10. d3 e6 11. O-O Ne7 12. Bd2 O-O 13. c3 f5 14. e5 dxc3 15.
Nxc3 g5 16. d4 Qb6 17. Be3 gxf4 18. Bf2 Qc6 19. d5 Nxd5 20. Bxd5 exd5 21. Bd4
Rae8 22. Re1 Qg6 23. Qd3 Bxe5 24. Rxe5 Rxe5 25. Bxe5 d4 26. Qd2 dxc3 27. Bxc3
Re8 28. Kf1 f3 29. gxf3 Bxf3 30. Qf2 Be2+ 31. Ke1 Bg4+ 32. Kd2 Re2+ 33. Qxe2
Bxe2 34. Kxe2 Qg2+ 0-1

[Event "278th YMCA Autumn A"]
[Site "Warsaw"]
[Date "2023.12.09"]
[Round "12"]
[White "Makowski, Tomasz"]
[Black "Liberadzki, Slawomir"]
[Result "0-1"]
[WhiteElo "1775"]
[BlackElo "1958"]
[PlyCount "61"]
[EventDate "2023.09.22"]
[EventType "tourn"]
[EventRounds "1"]
[EventCountry "POL"]
[SourceDate "2023.09.29"]

1. d4 d5 2. c4 e6 3. Nf3 Nf6 4. Bg5 Be7 5. e3 h6 6. Bxf6 Bxf6 7. Qc2 O-O 8. h4
c5 9. Ng5 Bxg5 10. hxg5 Qxg5 11. dxc5 Na6 12. Nd2 dxc4 13. Ne4 Qg6 14. Qxc4 b5
15. Qd4 e5 16. Qxe5 Nb4 17. Rc1 Nxa2 18. Rd1 Bg4 19. Rd6 Qf5 20. Qxf5 Bxf5 21.
Rd4 Rfc8 22. b4 Bxe4 23. Rxe4 a5 24. Re5 axb4 25. Rh4 b3 26. Kd2 Ra4 27. Rd4
Rca8 28. Bxb5 R4a5 29. c6 Rc8 30. Rc5 Ra7 31. Rd7 0-1

[Event "278th YMCA Autumn A"]
[Site "Warsaw"]
[Date "2023.12.09"]
[Round "12"]
[White "Basiaga, Sebastian"]
[Black "Pietrzak, Wojciech"]
[Result "1-0"]
[WhiteElo "1856"]
[BlackElo "1717"]
[PlyCount "119"]
[EventDate "2023.09.22"]
[EventType "tourn"]
[EventRounds "1"]
[EventCountry "POL"]
[SourceDate "2023.09.29"]

1. e4 c6 2. d4 d5 3. exd5 cxd5 4. Bd3 Nc6 5. c3 Nf6 6. Bf4 Bg4 7. Qb3 e5 8.
dxe5 Nh5 9. Be3 Nxe5 10. Bb5+ Nc6 11. Nd2 Be7 12. Ngf3 O-O 13. O-O Be6 14. Nd4
Nxd4 15. Bxd4 Bd6 16. Nf3 Nf4 17. Rfe1 Bg4 18. Ne5 Bh3 19. g3 Qg5 20. Bf1 f6
21. Nf3 Qg4 22. Nh4 Bxf1 23. Kxf1 Qh3+ 24. Kg1 g5 25. gxf4 gxh4 26. Qxd5+ Kh8
27. Qg2 Qf5 28. Qf3 Rg8+ 29. Kh1 Rg4 30. Qxg4 Qxg4 31. Bxf6+ Kg8 32. Rg1 Qxg1+
33. Rxg1+ Kf7 34. Bd4 Bxf4 35. Rg7+ Ke6 36. Rxh7 b6 37. Rxh4 Bc1 38. b3 Rg8 39.
Be3 Bb2 40. c4 Rg6 41. Rh5 Bf6 42. c5 bxc5 43. Rxc5 Rg4 44. Ra5 Be5 45. Rxa7
Rh4 46. f4 Bd6 47. Ra6 Kd5 48. Bf2 Rg4 49. Bg3 Bc5 50. Kg2 Ke4 51. Re6+ Kd3 52.
Kf3 Rg8 53. f5 Kc3 54. Re2 Kb4 55. Be5 Rc8 56. f6 Ka3 57. Ke4 Rf8 58. Rd2 Re8
59. Kf5 Be3 60. Bd6+ 1-0

[Event "278th YMCA Autumn A"]
[Site "Warsaw"]
[Date "2023.12.07"]
[Round "12"]
[White "Sternik, Piotr"]
[Black "Choroszej, Aleksander"]
[Result "0-1"]
[WhiteElo "1829"]
[BlackElo "1878"]
[PlyCount "74"]
[EventDate "2023.09.22"]
[EventType "tourn"]
[EventRounds "1"]
[EventCountry "POL"]
[SourceDate "2023.09.29"]

1. d4 g6 2. c4 Bg7 3. e4 d6 4. Be2 Nf6 5. Nc3 O-O 6. Nf3 e5 7. O-O Nc6 8. Be3
Ng4 9. Bg5 f6 10. Bh4 g5 11. Bg3 Nh6 12. h3 f5 13. dxe5 f4 14. Bh2 Nxe5 15.
Qd5+ Kh8 16. Nxe5 Bxe5 17. f3 Qf6 18. Kh1 Nf7 19. Bg1 h5 20. Qd3 c6 21. Rad1 b6
22. Bd4 Be6 23. b4 Rad8 24. Nb1 Rg8 25. a4 c5 26. Bf2 Rg7 27. Rd2 Rdg8 28. a5
g4 29. fxg4 hxg4 30. hxg4 Rh7+ 31. Kg1 f3 32. Qxf3 Bh2+ 33. Kh1 Bf4+ 34. Kg1
Ne5 35. Qc3 Qh6 36. Be1 Be3+ 37. Rf2 Qh1# 0-1

[Event "278th YMCA Autumn A"]
[Site "Warsaw"]
[Date "2023.12.13"]
[Round "13"]
[White "Pietrzak, Wojciech"]
[Black "Sternik, Piotr"]
[Result "0-1"]
[WhiteElo "1717"]
[BlackElo "1829"]
[PlyCount "42"]
[EventDate "2023.09.22"]
[EventType "tourn"]
[EventRounds "1"]
[EventCountry "POL"]
[SourceDate "2023.09.29"]

1. c4 Nf6 2. Nc3 e6 3. Nf3 d5 4. e3 Be7 5. b3 O-O 6. Bb2 c5 7. g4 d4 8. Ne2 e5
9. Nxe5 Qd6 10. exd4 Nxg4 11. Rg1 Nxh2 12. Bg2 cxd4 13. Bxd4 Bf6 14. c5 Qe7 15.
c6 bxc6 16. Nxc6 Nxc6 17. Bxc6 Bxd4 18. Bxa8 Bg4 19. Rg2 Re8 20. f3 Qh4+ 21.
Rg3 Qxg3# 0-1

[Event "278th YMCA Autumn A"]
[Site "Warsaw"]
[Date "2023.12.14"]
[Round "13"]
[White "Adamski, Adam"]
[Black "Kasperkiewicz, Pawel"]
[Result "0-1"]
[WhiteElo "1761"]
[BlackElo "1784"]
[PlyCount "98"]
[EventDate "2023.09.22"]
[EventType "tourn"]
[EventRounds "1"]
[EventCountry "POL"]
[SourceDate "2023.09.29"]

1. e4 c5 2. Nf3 Nc6 3. d4 cxd4 4. Nxd4 Nf6 5. Nc3 e6 6. Nxc6 bxc6 7. Bd3 d5 8.
Bg5 Be7 9. e5 Nd7 10. Bxe7 Qxe7 11. Qe2 O-O 12. O-O Rb8 13. Nd1 f6 14. exf6
Qxf6 15. c3 e5 16. Rc1 e4 17. Bb1 Ne5 18. Ne3 Qg5 19. Kh1 Rb7 20. Rg1 Rbf7 21.
Rcf1 Rf4 22. f3 exf3 23. gxf3 Qh5 24. Qg2 g6 25. Qg5 Qxg5 26. Rxg5 Nxf3 27. Rg3
Ba6 28. Rc1 Re8 29. Ng2 Rf6 30. Bc2 Nd2 31. Bd3 Bxd3 32. Rxd3 Ref8 33. Ne3 Ne4
34. Kg1 Rf2 35. Rc2 Rxc2 36. Nxc2 Rf2 37. Nb4 Rxb2 38. Nxc6 Rxa2 39. Ne7+ Kf7
40. Nxd5 Ke6 41. c4 Ke5 42. Nb4 Ra4 43. Nc6+ Kf4 44. Rb3 Ra1+ 45. Kg2 Ra2+ 46.
Kg1 Nd2 47. Rc3 Nf3+ 48. Kf1 Rxh2 49. Nxa7 Kg3 0-1